| 000 | 00847cam a22002534a 4500 | ||
|---|---|---|---|
| 001 | 15102116 | ||
| 005 | 20180103032243.0 | ||
| 008 | 071204s2007 flu b 000 0 eng | ||
| 010 | _a 2007904749 | ||
| 020 | _a9780979755804 | ||
| 020 | _a0979755808 | ||
| 040 |
_aDLC _cDLC _dDLC |
||
| 041 | _aeng | ||
| 043 | _an-us--- | ||
| 080 | _a941 | ||
| 082 | _2941 PAV | ||
| 100 | 1 | _a16 | |
| 101 | _aHIS | ||
| 245 | 1 | 0 |
_aStolen without a gun : _cWalter Pavlo, Jr. & Neil Weinberg ; with a foreword by Dennis Kneale. |
| 504 | _aIncludes bibliographical references (p. 285). | ||
| 906 |
_a7 _bcbc _corigres _d2 _encip _f20 _gy-gencatlg |
||
| 942 |
_2ddc _cBK |
||
| 999 |
_c39586 _d39586 |
||